Statistiken für Top 20 erfolgreichste deutsche Filme in Deutschland

Klicken Sie hier um das Quiz zu spielen!

Allgemein

  • Dieses Quiz wurde 213 mal gespielt
  • Das Durchschnittsergebnis liegt bei 5 aus 20

Antwortstatistiken

PlatzFilmJahrZuschauerzahlen% Korrekt
1Der Schuh des Manitu200111.723.118
70%
13Keinohrhasen20076.333.454
69%
2(T)Raumschiff Surprise – Periode 120049.152.531
57%
6Honig im Kopf20147.274.964
49%
5Fack ju Göhte20137.412.417
47%
4Fack ju Göhte 220157.733.792
39%
15Fack ju Göhte 320176.028.499
35%
87 Zwerge – Männer allein im Wald20046.799.699
26%
3Otto – Der Film19858.783.766
25%
9Der bewegte Mann19946.609.349
14%
20Männer19855.213.458
14%
10Good Bye, Lenin!20036.584.314
13%
7Schulmädchen-Report: Was Eltern nicht für möglich halten19707.000.000 (geschätzt)
8%
12Otto – Der neue Film19876.458.957
7%
19Das Parfum – Die Geschichte eines Mörders20065.608.828
5%
14Mein Name ist Nobody19736.287.013
3%
16Oswalt Kolle: Das Wunder der Liebe19686.000.000 (geschätzt)
3%
11Zur Sache, Schätzchen19686.500.000 (geschätzt)
3%
18Der Name der Rose19865.866.646
2%
17Zum Teufel mit der Penne19686.000.000 (geschätzt)
2%

Verteilung der Resultate

Perzentil nach korrekt beantworteten Fragen

Anzahl Personen mit jedem Resultat

Ihre Resultats-Entwicklung

Sie haben dieses Quiz noch nicht gespielt